000
00273nam a2200109Ia 4500
008
200302s9999 xx 000 0 und d
100
_a
Boyken
245
_a
Otto Ernst Schweizer : Milchhof, Nurnberg,Opus 59
260
_b
Axel Menges, London
260
_c
2006
300
_a
60 P
999
_c
4793
_d
4793